Formes de lunettes : mort subite - Statistiques

Statistiques générales
  • Ce quiz a été pris 113 fois
    110 depuis la dernière actualisation
  • Le résultat moyen est 11 sur 14
Answers on the Grid
Answers color-coded by a green-red scale on the quiz's grid according to % correct below.
Angulaires
Vintage
Clubsandwich
Aviator
Marin d'eau douce
Rondes
Papillon
Wayfarer
Coeur
Ovairesize
Ovales
Carrées
Oeil-de-chat
Pantos
Arrondies
Hexagonales
Octogonales
 
Statistiques - réponses
Réponse % Correct
Carrées
89%
Hexagonales
86%
Rondes
86%
Octogonales
84%
Ovales
84%
Papillon
79%
Angulaires
77%
Arrondies
77%
Coeur
77%
Aviator
75%
Oeil-de-chat
73%
Vintage
71%
Wayfarer
57%
Pantos
55%
Aucun quiz correspondant
Distribution des résultats
% des personnes avec chaque résultat
Percentile par nombre de réponses
Votre historique - résultats
Vous n’avez pas pris ce quiz depuis la dernière actualisation